[Event "CAN-ch U2200"]
[Site "Kingston CAN"]
[Date "2022.04.18"]
[Round "9.32"]
[White "Zhang, Chu Hang"]
[Black "Xu, Daniel"]
[Result "0-1"]
[WhiteElo "2057"]
[BlackElo "2088"]
[PlyCount "90"]
[EventDate "2022.04.13"]
[EventType "swiss"]
[EventRounds "9"]
[EventCountry "CAN"]

1. e4 c5 2. Ne2 Nf6 3. Nbc3 d6 4. h3 a6 5. a4 b6 6. g4 Bb7 7. Bg2 h6 8. d4 cxd4
9. Nxd4 Nbd7 10. O-O e6 11. Re1 Qc7 12. f4 Rc8 13. g5 hxg5 14. fxg5 Nh5 15. Be3
Ne5 16. Nce2 g6 17. b3 Bg7 18. c4 O-O 19. Qd2 Rfd8 20. Nf4 Nxf4 21. Bxf4 Nxc4
22. bxc4 e5 23. Ne6 fxe6 24. Be3 Qxc4 25. Bxb6 Rd7 26. a5 Qc2 27. Ra2 Qxd2 28.
Rxd2 d5 29. exd5 exd5 30. Be4 Bf8 31. h4 Bb4 32. Ree2 Bxd2 33. Rxd2 Rc1+ 34.
Kh2 Kg7 35. Kg3 Rc3+ 36. Kh2 Rc4 37. Bf3 Rxh4+ 38. Kg3 Rc4 39. Be2 Rc3+ 40. Kg4
Rf7 41. Bd3 Bc8+ 42. Kh4 Rf3 43. Rh2 Rcxd3 44. Be3 Rdxe3 45. Rf2 Re4# 0-1

[Event "CAN-ch U2200"]
[Site "Kingston CAN"]
[Date "2022.04.18"]
[Round "9.33"]
[White "Liu, Henry"]
[Black "Huang, Youhe"]
[Result "0-1"]
[WhiteElo "2125"]
[BlackElo "1989"]
[PlyCount "102"]
[EventDate "2022.04.13"]
[EventType "swiss"]
[EventRounds "9"]
[EventCountry "CAN"]

1. d4 d6 2. Nf3 Nf6 3. Bf4 Nbd7 4. Nbd2 g6 5. e4 Bg7 6. c3 O-O 7. Bc4 Nb6 8.
Bb3 d5 9. Qe2 Bg4 10. h3 Bxf3 11. Qxf3 c6 12. O-O Qd7 13. Rfe1 e6 14. Be5 Nxe4
15. Nxe4 dxe4 16. Qxe4 Qe7 17. Rad1 Rad8 18. Bg3 Rd7 19. h4 h5 20. f3 Rfd8 21.
Bf2 Nd5 22. c4 Nf6 23. Qe2 Qd6 24. Rd3 c5 25. Red1 cxd4 26. Ba4 e5 27. Bxd7
Nxd7 28. Bg3 Qc5 29. Rb3 d3+ 30. Qf2 e4 31. Qxc5 Nxc5 32. Rb5 Bd4+ 33. Kf1 e3
34. Ke1 e2 35. Rd2 Bc3 36. Bf2 Bxd2+ 37. Kxd2 b6 38. b4 Ne6 39. Rd5 Rxd5 40.
cxd5 Nf4 41. g4 f5 42. gxh5 gxh5 43. a4 Ng2 44. a5 Kf7 45. f4 Ke7 46. axb6 axb6
47. Kxd3 e1=Q 48. Bxe1 Nxe1+ 49. Kc4 Kd6 50. Kb5 Nd3 51. Kxb6 Nxb4 0-1

[Event "CAN-ch U2200"]
[Site "Kingston CAN"]
[Date "2022.04.18"]
[Round "9.34"]
[White "Loadman, Ian"]
[Black "Zhu, Matthew"]
[Result "1-0"]
[WhiteElo "2061"]
[BlackElo "2025"]
[PlyCount "103"]
[EventDate "2022.04.13"]
[EventType "swiss"]
[EventRounds "9"]
[EventCountry "CAN"]

1. e4 c5 2. Nc3 d6 3. d4 cxd4 4. Qxd4 Nc6 5. Qd2 Nf6 6. b3 g6 7. Bb2 Bg7 8.
O-O-O O-O 9. Kb1 Qa5 10. Nge2 Bd7 11. f3 b5 12. Nd5 Qxd2 13. Rxd2 Nxd5 14. Bxg7
Kxg7 15. exd5 Na5 16. Nd4 a6 17. h4 e6 18. f4 Rae8 19. b4 Nb7 20. Be2 e5 21.
Nb3 exf4 22. Bf3 Bf5 23. Nd4 Be4 24. Rf1 Bxf3 25. Rxf3 Re5 26. Ne2 Re4 27. c3
Rfe8 28. Nxf4 Nd8 29. Kb2 f5 30. Kb3 Kf6 31. a4 Nf7 32. Nd3 Rxh4 33. axb5 axb5
34. Ra2 Ne5 35. Nxe5 Rxe5 36. Rd3 Re7 37. Ra6 Rb7 38. Rxd6+ Kf7 39. Rc6 Re4 40.
d6 Re8 41. Rc7+ Rxc7 42. dxc7 Rc8 43. Rd7+ Ke6 44. Rxh7 f4 45. c4 g5 46. cxb5
Kd6 47. b6 Kc6 48. Rh6+ Kb7 49. Rg6 Rf8 50. Ka4 Re8 51. Kb5 Rf8 52. Rd6 1-0

[Event "CAN-ch U2200"]
[Site "Kingston CAN"]
[Date "2022.04.18"]
[Round "9.35"]
[White "Guillemette, Hugo"]
[Black "Xu, Eddie"]
[Result "1-0"]
[WhiteElo "1882"]
[BlackElo "2119"]
[PlyCount "55"]
[EventDate "2022.04.13"]
[EventType "swiss"]
[EventRounds "9"]
[EventCountry "CAN"]

1. e4 e5 2. Nf3 Nc6 3. Bb5 a6 4. Ba4 Nf6 5. O-O Bc5 6. c3 b5 7. Bc2 d5 8. d4
dxe4 9. Nxe5 Nxe5 10. dxe5 Qxd1 11. Rxd1 Ng4 12. Bxe4 Nxf2 13. Bc6+ Ke7 14. Rd5
Bb6 15. Bxa8 Be6 16. Rd4 Nd3 17. Bg5+ f6 18. exf6+ gxf6 19. Be4 fxg5 20. Bxd3
c5 21. Re4 c4+ 22. Kh1 cxd3 23. Nd2 Kd6 24. Rae1 Bd7 25. Nf3 g4 26. Ne5 Re8 27.
Nxd3 Rd8 28. Ne5 1-0

[Event "CAN-ch U2200"]
[Site "Kingston CAN"]
[Date "2022.04.18"]
[Round "9.37"]
[White "Hansen, Troy"]
[Black "Ramesh, Sanjay"]
[Result "0-1"]
[WhiteElo "1973"]
[BlackElo "2065"]
[PlyCount "76"]
[EventDate "2022.04.13"]
[EventType "swiss"]
[EventRounds "9"]
[EventCountry "CAN"]

1. e4 c6 2. d4 d5 3. e5 Bf5 4. Nf3 e6 5. Be2 Ne7 6. O-O Bg6 7. g4 h5 8. h3 hxg4
9. hxg4 Nd7 10. Bf4 c5 11. c3 Nc6 12. Nbd2 Qc7 13. Re1 O-O-O 14. Bf1 Be7 15.
Bg3 Nf8 16. dxc5 Bxc5 17. b4 Be7 18. Qe2 Nh7 19. Qe3 Kb8 20. Rec1 Qd7 21. Bb5
Ka8 22. a3 f6 23. Re1 Ng5 24. Nxg5 fxg5 25. Nb3 d4 26. Qf3 dxc3 27. Rad1 Qc7
28. Qxc3 Be4 29. Rxd8+ Nxd8 30. Rxe4 Qxc3 31. Re3 Qc2 32. Be2 Qh7 33. f3 Nc6
34. Bc4 Qh6 35. Rd3 Rd8 36. Rxd8+ Bxd8 37. Kg2 Bc7 38. Nc5 Bxe5 0-1

[Event "CAN-ch U2200"]
[Site "Kingston CAN"]
[Date "2022.04.18"]
[Round "9.38"]
[White "Palsson Halidor, Peter"]
[Black "Adam, Rafael"]
[Result "1/2-1/2"]
[WhiteElo "1942"]
[BlackElo "2024"]
[PlyCount "100"]
[EventDate "2022.04.13"]
[EventType "swiss"]
[EventRounds "9"]
[EventCountry "CAN"]

1. d4 Nf6 2. c4 e6 3. Nf3 Bb4+ 4. Bd2 Qe7 5. Nc3 b6 6. g3 Bb7 7. Bg2 O-O 8. O-O
d6 9. a3 Bxc3 10. Bxc3 Ne4 11. Be1 f5 12. e3 Nd7 13. Nd2 Ndf6 14. f3 Ng5 15.
Bf2 Qe8 16. Qe2 Qh5 17. h4 Nf7 18. g4 Qg6 19. g5 Nh5 20. f4 Bxg2 21. Kxg2 Nf6
22. Rh1 h5 23. Rhc1 e5 24. Bg3 Ng4 25. dxe5 dxe5 26. Re1 Rfe8 27. Kh3 Rad8 28.
b4 Qe6 29. Nf3 exf4 30. Bxf4 c5 31. bxc5 bxc5 32. Rab1 Nd6 33. Nd2 g6 34. Rb3
Rd7 35. Reb1 Ne4 36. Nxe4 Qxe4 37. Rb8 Rde7 38. Rxe8+ Rxe8 39. Rb8 Rxb8 40.
Bxb8 Qh1+ 41. Kg3 Qg1+ 42. Kf3 Qb1 43. Bf4 Qe4+ 44. Kg3 Ne5 45. Qd1 Qd3 46. Qa4
Nxc4 47. Qe8+ Kg7 48. Qe7+ Kg8 49. Qe8+ Kg7 50. Qe7+ Kg8 1/2-1/2

[Event "CAN-ch U2200"]
[Site "Kingston CAN"]
[Date "2022.04.18"]
[Round "9.39"]
[White "Shi, Michael"]
[Black "Berengolts, Isai"]
[Result "1/2-1/2"]
[WhiteElo "2017"]
[BlackElo "2126"]
[PlyCount "42"]
[EventDate "2022.04.13"]
[EventType "swiss"]
[EventRounds "9"]
[EventCountry "CAN"]

1. e4 c5 2. Nf3 d6 3. Bb5+ Bd7 4. Bxd7+ Qxd7 5. O-O Nc6 6. d4 cxd4 7. Nxd4 g6
8. Be3 Bg7 9. Nc3 Nf6 10. h3 O-O 11. Nxc6 bxc6 12. Qd2 Qb7 13. Rab1 Rfd8 14.
Bh6 Qb6 15. Bxg7 Kxg7 16. Rfe1 e6 17. Na4 Qb5 18. b3 d5 19. exd5 Qxd5 20. Qc3
Qd2 21. Qb2 Qd4 1/2-1/2

[Event "CAN-ch U2200"]
[Site "Kingston CAN"]
[Date "2022.04.18"]
[Round "9.40"]
[White "Wang, Derek"]
[Black "Malmsten, Erik"]
[Result "1/2-1/2"]
[WhiteElo "1956"]
[BlackElo "1936"]
[PlyCount "102"]
[EventDate "2022.04.13"]
[EventType "swiss"]
[EventRounds "9"]
[EventCountry "CAN"]

1. Nf3 c6 2. d4 g6 3. e3 Bg7 4. Bd3 d5 5. c3 Bg4 6. h3 Bxf3 7. Qxf3 Nd7 8. e4
e6 9. Nd2 Ne7 10. exd5 cxd5 11. Qe2 O-O 12. O-O Qc7 13. f4 Rac8 14. Nf3 Nf5 15.
Qe1 Nf6 16. g4 Nd6 17. Qh4 Nfe4 18. Ng5 h6 19. Nxe4 dxe4 20. Be2 f5 21. Be3 Nc4
22. Bc1 Qb6 23. Bxc4 Rxc4 24. Qg3 Kh7 25. Rd1 Qc6 26. Be3 a5 27. Rd2 b5 28.
Rad1 Qd5 29. Rc1 Rfc8 30. Rdc2 b4 31. Bf2 bxc3 32. bxc3 Ra4 33. Ra1 Bxd4 34.
gxf5 gxf5 35. Bxd4 Rg8 36. Qxg8+ Kxg8 37. Rg2+ Kf8 38. Rb1 Rxd4 39. cxd4 Qxd4+
40. Kh2 e3 41. Rf1 e5 42. Kg3 h5 43. h4 Kf7 44. Rf3 Kf6 45. Re2 exf4+ 46. Rxf4
Qd5 47. a4 Qg8+ 48. Kf3 Qg1 49. Rxe3 Qf1+ 50. Kg3 Qg1+ 51. Kf3 Qf1+ 1/2-1/2

[Event "CAN-ch w"]
[Site "Kingston CAN"]
[Date "2022.04.13"]
[Round "1.21"]
[White "Ouellet, Maili-Jade"]
[Black "Wang, Rachel"]
[Result "1-0"]
[WhiteElo "2179"]
[BlackElo "1561"]
[PlyCount "115"]
[EventDate "2022.04.13"]
[EventType "swiss"]
[EventRounds "9"]
[EventCountry "CAN"]

1. d4 d5 2. c4 dxc4 3. e4 e5 4. Nf3 Bg4 5. Bxc4 Bb4+ 6. Nbd2 Qe7 7. Qa4+ Bd7 8.
Qb3 Nc6 9. dxe5 Na5 10. Qc2 Nxc4 11. Qxc4 Qc5 12. Qxc5 Bxc5 13. b3 Bb5 14. Bb2
Ne7 15. Rc1 Bb6 16. Nc4 Nc6 17. O-O Bc5 18. Rfd1 O-O 19. a4 Bxc4 20. Rxc4 Rad8
21. Rd5 Bb6 22. b4 a5 23. bxa5 Nxa5 24. Rc3 c6 25. Rd6 Bc7 26. Rxd8 Rxd8 27.
Kf1 b6 28. Ke2 Kf8 29. Rd3 Ke7 30. Nd2 c5 31. Rxd8 Bxd8 32. f4 Ke6 33. Kd3 Nc6
34. Bc3 Nb4+ 35. Bxb4 cxb4 36. Kc4 g5 37. g3 gxf4 38. gxf4 Bc7 39. Nf3 f6 40.
f5+ Ke7 41. exf6+ Kxf6 42. Kxb4 h6 43. Kb5 h5 44. Kc6 Bd8 45. Kd7 Be7 46. e5+
Kf7 47. f6 Bc5 48. Ng5+ Kg6 49. Ne4 h4 50. e6 Bg1 51. e7 Bxh2 52. e8=Q+ Kf5 53.
f7 Kg4 54. f8=Q Kh3 55. Qf3+ Bg3 56. Ng5+ Kh2 57. Qee2+ Kg1 58. Qeg2# 1-0

[Event "CAN-ch w"]
[Site "Kingston CAN"]
[Date "2022.04.13"]
[Round "1.22"]
[White "D'Souza, Carina"]
[Black "Demchenko, Svitlana"]
[Result "0-1"]
[WhiteElo "1466"]
[BlackElo "2079"]
[PlyCount "102"]
[EventDate "2022.04.13"]
[EventType "swiss"]
[EventRounds "9"]
[EventCountry "CAN"]

1. e4 c5 2. Nf3 g6 3. c3 Bg7 4. d4 cxd4 5. cxd4 d5 6. e5 Nc6 7. h3 Nh6 8. Nc3
O-O 9. Bb5 f6 10. exf6 exf6 11. O-O Nf5 12. Ba4 Be6 13. Re1 Bf7 14. Bb3 Qd7 15.
Bf4 g5 16. Bh2 h5 17. Bc2 g4 18. Bxf5 Qxf5 19. hxg4 hxg4 20. Nh4 Qh5 21. g3 f5
22. Ne2 Rae8 23. Qd3 Re4 24. Qb3 Rxe2 25. Rxe2 Nxd4 26. Qd3 Nxe2+ 27. Qxe2 Re8
28. Qb5 f4 29. Qxb7 f3 30. Qxa7 Bxb2 31. Rb1 Qh7 32. Rf1 Qe4 33. Qd7 Qe6 34.
Qb5 Bd4 35. a4 Qb6 36. Nf5 Qxb5 37. axb5 Re4 38. Rd1 Bc5 39. Kf1 Be8 40. Rb1
Bb4 41. b6 Bb5+ 42. Kg1 Bc6 43. Ne3 Bb7 44. Nc2 Bc5 45. Re1 Rxe1+ 46. Nxe1 Bxb6
47. Nd3 Bd4 48. Nf4 Bc3 49. Nxd5 Bxd5 50. Kf1 Bc4+ 51. Kg1 Be1 0-1

[Event "CAN-ch w"]
[Site "Kingston CAN"]
[Date "2022.04.13"]
[Round "1.23"]
[White "Botez, Alexandra"]
[Black "Guo, Veronica (Yu Han)"]
[Result "0-1"]
[WhiteElo "2020"]
[BlackElo "1444"]
[PlyCount "110"]
[EventDate "2022.04.13"]
[EventType "swiss"]
[EventRounds "9"]
[EventCountry "CAN"]

1. d4 d5 2. c4 e6 3. Nf3 Nf6 4. g3 c6 5. Bg2 Be7 6. O-O O-O 7. Nc3 Nbd7 8. b3
b6 9. a4 Bb4 10. Bb2 a5 11. cxd5 exd5 12. Rc1 Ba6 13. Na2 Rc8 14. Nxb4 axb4 15.
Ng5 Re8 16. Re1 h6 17. Nh3 g5 18. Qd2 Qe7 19. e3 Ne4 20. Qd1 f5 21. f3 Nd6 22.
Qd2 g4 23. fxg4 fxg4 24. Nf2 h5 25. e4 Qf7 26. exd5 cxd5 27. Qg5+ Kh7 28. Bxd5
Rxc1 29. Rxc1 Qg6 30. Qxg6+ Kxg6 31. Kg2 Nf6 32. Rc6 Re1 33. Bc4 Nxc4 34. bxc4
Bb7 35. d5 Bxc6 36. dxc6 Ne8 37. Nd3 Re2+ 38. Kf1 Rd2 39. Nf4+ Kf5 40. Bh8 Nc7
41. Ne2 Ke4 42. Bf6 Rd6 43. Be7 Rxc6 44. Bxb4 Rxc4 45. Be1 Nd5 46. a5 b5 47.
Bf2 Ra4 48. Bb6 b4 49. Ke1 Ne3 50. Nd4 Ra1+ 51. Ke2 Ra2+ 52. Ke1 Nc2+ 53. Nxc2
Rxc2 54. a6 Ra2 55. a7 Kd3 0-1

[Event "CAN-ch w"]
[Site "Kingston CAN"]
[Date "2022.04.13"]
[Round "1.24"]
[White "Jiang, Hancy"]
[Black "Baylon, Glenda"]
[Result "0-1"]
[WhiteElo "1030"]
[BlackElo "1858"]
[PlyCount "72"]
[EventDate "2022.04.13"]
[EventType "swiss"]
[EventRounds "9"]
[EventCountry "CAN"]

1. d4 Nf6 2. Bf4 d6 3. Nc3 g6 4. e4 Bg7 5. Qd2 O-O 6. O-O-O a5 7. f3 Nc6 8. Bh6
e5 9. d5 Nd4 10. h4 Nh5 11. Nce2 Nxe2+ 12. Nxe2 Bxh6 13. Qxh6 Qf6 14. g4 Qxf3
15. Rg1 Bxg4 16. Nc3 f5 17. Be2 Qf4+ 18. Qxf4 exf4 19. Bxg4 fxg4 20. Rxg4 Rae8
21. Rf1 Rf7 22. Rf3 b5 23. Nxb5 Rxe4 24. Rc3 Nf6 25. Rg5 Re1+ 26. Kd2 Rh1 27.
Rc4 Rxh4 28. Nxc7 Rxc7 29. Rxc7 Ne4+ 30. Ke1 Nxg5 31. c4 Ne4 32. Re7 f3 33. Kd1
Rh1+ 34. Kc2 f2 35. Rxe4 f1=Q 36. c5 Qb1+ 0-1

[Event "CAN-ch w"]
[Site "Kingston CAN"]
[Date "2022.04.13"]
[Round "1.25"]
[White "Hua, Michelle"]
[Black "Gavrileva, Anna"]
[Result "1-0"]
[WhiteElo "1665"]
[BlackElo "1020"]
[PlyCount "47"]
[EventDate "2022.04.13"]
[EventType "swiss"]
[EventRounds "9"]
[EventCountry "CAN"]

1. d4 d5 2. Bf4 Nf6 3. e3 c5 4. c3 Bf5 5. Nf3 e6 6. Nbd2 Bd6 7. Bg3 O-O 8. Be2
Nc6 9. O-O a6 10. Ne5 Bxe5 11. dxe5 Nd7 12. f4 b5 13. Nf3 b4 14. Bd3 Bxd3 15.
Qxd3 h6 16. Bh4 Qb6 17. c4 d4 18. Rfd1 Rac8 19. b3 a5 20. exd4 cxd4 21. Nxd4
Nc5 22. Qe3 Nxd4 23. Rxd4 Nxb3 24. axb3 1-0

[Event "CAN-ch w"]
[Site "Kingston CAN"]
[Date "2022.04.13"]
[Round "1.26"]
[White "Cao, Elaine"]
[Black "Gao, Lucy"]
[Result "1/2-1/2"]
[WhiteElo "1010"]
[BlackElo "1585"]
[PlyCount "54"]
[EventDate "2022.04.13"]
[EventType "swiss"]
[EventRounds "9"]
[EventCountry "CAN"]

1. e4 c5 2. Nf3 Nc6 3. Nc3 g6 4. Bc4 Bg7 5. O-O Nf6 6. d3 O-O 7. Bg5 Na5 8. Bb3
Nxb3 9. axb3 h6 10. Be3 b6 11. Qd2 Ng4 12. Bf4 g5 13. Bg3 Bb7 14. h3 Nf6 15. h4
g4 16. Nh2 d6 17. Bf4 Kh7 18. Qe2 Qd7 19. f3 gxf3 20. Qxf3 d5 21. Be5 d4 22.
Ne2 Ne8 23. Bxg7 Nxg7 24. Ng4 f5 25. Ne5 Qe6 26. Qg3 Nh5 27. Qf3 Ng7 1/2-1/2

[Event "CAN-ch w"]
[Site "Kingston CAN"]
[Date "2022.04.14"]
[Round "2.21"]
[White "Baylon, Glenda"]
[Black "Ouellet, Maili-Jade"]
[Result "0-1"]
[WhiteElo "1858"]
[BlackElo "2179"]
[PlyCount "112"]
[EventDate "2022.04.13"]
[EventType "swiss"]
[EventRounds "9"]
[EventCountry "CAN"]

1. d4 d5 2. c4 e6 3. Nc3 Nf6 4. e3 Be7 5. Nf3 O-O 6. Bd3 Nbd7 7. O-O c5 8. b3
b6 9. Bb2 Bb7 10. Re1 Ne4 11. Ne5 f5 12. f3 Nxe5 13. dxe5 Ng5 14. cxd5 exd5 15.
Qc2 g6 16. Rad1 Ne6 17. Bc4 dxc4 18. Rxd8 Raxd8 19. bxc4 f4 20. e4 Nd4 21. Qc1
Bh4 22. Rd1 Ba6 23. Kh1 Bxc4 24. Nd5 Bxa2 25. Bxd4 cxd4 26. Qb2 Bc4 27. Rxd4 b5
28. Nf6+ Kg7 29. Rd7+ Rxd7 30. Nxd7 Re8 31. Qa1 Re7 32. e6+ Kh6 33. Qe5 Bxe6
34. Qxf4+ Bg5 35. Qf8+ Kh5 36. Nf6+ Bxf6 37. Qxf6 Re8 38. g3 Kh6 39. g4 b4 40.
g5+ Kh5 41. f4 Bh3 42. Qd4 Rc8 43. Qd1+ Bg4 44. Qb3 a5 45. h3 Be2 46. Qe3 Rc2
47. Qa7 Bf3+ 48. Kg1 Kh4 49. Qe3 Kg3 50. Kf1 b3 51. Qe1+ Kxh3 52. Qb1 a4 53. e5
Be4 54. Qe1 b2 55. e6 Bd3+ 56. Kg1 Rc1 0-1

[Event "CAN-ch w"]
[Site "Kingston CAN"]
[Date "2022.04.14"]
[Round "2.22"]
[White "Demchenko, Svitlana"]
[Black "Hua, Michelle"]
[Result "1-0"]
[WhiteElo "2079"]
[BlackElo "1665"]
[PlyCount "89"]
[EventDate "2022.04.13"]
[EventType "swiss"]
[EventRounds "9"]
[EventCountry "CAN"]

1. e4 c5 2. Nf3 d6 3. d4 cxd4 4. Nxd4 Nf6 5. Nc3 g6 6. Be3 Bg7 7. f3 O-O 8. Qd2
Nc6 9. O-O-O d5 10. exd5 Nxd5 11. Nxc6 bxc6 12. Bd4 Qc7 13. h4 e5 14. Bc5 Rd8
15. Ne4 Bf5 16. Bc4 Bxe4 17. fxe4 Nb6 18. Qa5 Bf8 19. Be3 Rxd1+ 20. Rxd1 Rd8
21. Rf1 Rd7 22. Bb3 c5 23. Qb5 Qd8 24. a4 c4 25. Bxb6 Bh6+ 26. Kb1 Rd1+ 27. Ka2
cxb3+ 28. Qxb3 axb6 29. Qxf7+ Kh8 30. Rxd1 Qxd1 31. Qe8+ Kg7 32. Qxe5+ Kf7 33.
Qc7+ Kf6 34. Qxb6+ Ke5 35. Qc7+ Kxe4 36. Qxh7 Qd5+ 37. b3 Qh5 38. g4 Qxh4 39.
Qxg6+ Kf3 40. Qh5 Qg5 41. Qxg5 Bxg5 42. b4 Kxg4 43. a5 Kf5 44. c4 Ke6 45. a6
1-0

[Event "CAN-ch w"]
[Site "Kingston CAN"]
[Date "2022.04.14"]
[Round "2.23"]
[White "Guo, Veronica (Yu Han)"]
[Black "Cao, Elaine"]
[Result "1-0"]
[WhiteElo "1444"]
[BlackElo "1010"]
[PlyCount "51"]
[EventDate "2022.04.13"]
[EventType "swiss"]
[EventRounds "9"]
[EventCountry "CAN"]

1. d4 d5 2. c4 e6 3. Nc3 Nf6 4. cxd5 exd5 5. Bg5 Be7 6. e3 O-O 7. Bd3 Be6 8.
Nf3 h6 9. Bf4 Nbd7 10. O-O c5 11. Ne5 Nxe5 12. dxe5 Nd7 13. Bc2 Nb6 14. Qd3 g6
15. Bxh6 Re8 16. f4 d4 17. exd4 cxd4 18. Ne4 Bc4 19. Qh3 Bxf1 20. Rxf1 d3 21.
f5 Qd4+ 22. Kh1 Qxe4 23. fxg6 fxg6 24. Bxd3 Qxe5 25. Bxg6 Bf6 26. Bg7 1-0

[Event "CAN-ch w"]
[Site "Kingston CAN"]
[Date "2022.04.14"]
[Round "2.24"]
[White "Gao, Lucy"]
[Black "Botez, Alexandra"]
[Result "0-1"]
[WhiteElo "1585"]
[BlackElo "2020"]
[PlyCount "82"]
[EventDate "2022.04.13"]
[EventType "swiss"]
[EventRounds "9"]
[EventCountry "CAN"]

1. e4 e6 2. d4 d5 3. Nc3 Bb4 4. Nge2 Nc6 5. exd5 exd5 6. a3 Be7 7. g3 Nf6 8.
Bg2 Nb8 9. Nf4 c6 10. O-O h5 11. h4 Bg4 12. Qd3 Qd7 13. Re1 Na6 14. Nd1 Kf8 15.
Ne3 Bd6 16. Nxg4 hxg4 17. Bd2 Nc7 18. Re2 Nh5 19. Nxh5 Rxh5 20. Rae1 g6 21. Bg5
Ne6 22. Rxe6 fxe6 23. Qxg6 Qf7 24. Rxe6 Qxg6 25. Rxg6 Be7 26. Bxe7+ Kxe7 27.
Rxg4 Kf6 28. Rf4+ Rf5 29. Rxf5+ Kxf5 30. f3 a5 31. a4 Rb8 32. Bh3+ Kf6 33. Kf2
b5 34. Bd7 Rb6 35. axb5 cxb5 36. g4 a4 37. c3 Ke7 38. Bf5 b4 39. Bc2 a3 40. Bb1
bxc3 41. bxa3 Rxb1 0-1

[Event "CAN-ch w"]
[Site "Kingston CAN"]
[Date "2022.04.14"]
[Round "2.25"]
[White "Wang, Rachel"]
[Black "Jiang, Hancy"]
[Result "1-0"]
[WhiteElo "1561"]
[BlackElo "1030"]
[PlyCount "115"]
[EventDate "2022.04.13"]
[EventType "swiss"]
[EventRounds "9"]
[EventCountry "CAN"]

1. d4 Nf6 2. c4 g6 3. Nc3 Bg7 4. e4 d6 5. Nf3 O-O 6. Be2 e5 7. O-O Nc6 8. d5
Ne7 9. Ne1 Nd7 10. Be3 f5 11. f3 f4 12. Bf2 g5 13. Rc1 h5 14. Nd3 Nf6 15. c5
Qe8 16. cxd6 cxd6 17. Qb3 a6 18. Na4 Nd7 19. Qa3 Qg6 20. b3 g4 21. Nab2 g3 22.
Be1 Rf6 23. Nc4 Bf8 24. Bb4 Nc5 25. Nb6 Nxd3 26. Bxd3 Rb8 27. Nxc8 Rxc8 28. h3
Kg7 29. Rxc8 Nxc8 30. Qc1 Qe8 31. Qc3 Rf7 32. Rc1 Na7 33. Ba5 Rd7 34. Bb6 Qb8
35. Qa5 Be7 36. Bc7 Qc8 37. Rc2 Qa8 38. a4 Nc8 39. Kh1 Qa7 40. Qd2 b6 41. Qc3
Qb7 42. Qc6 Qxc6 43. Rxc6 Na7 44. Bxb6 Nxc6 45. dxc6 Bd8 46. Bxd8 Rxd8 47. Bxa6
Rb8 48. Bb7 Kf7 49. a5 Ke7 50. a6 Kd8 51. a7 Kc7 52. axb8=Q+ Kxb8 53. b4 h4 54.
b5 Kc7 55. Kg1 Kb8 56. Kf1 Kc7 57. Ke2 Kb6 58. Kd3 1-0

[Event "CAN-ch w"]
[Site "Kingston CAN"]
[Date "2022.04.14"]
[Round "2.26"]
[White "Gavrileva, Anna"]
[Black "D'Souza, Carina"]
[Result "1/2-1/2"]
[WhiteElo "1020"]
[BlackElo "1466"]
[PlyCount "125"]
[EventDate "2022.04.13"]
[EventType "swiss"]
[EventRounds "9"]
[EventCountry "CAN"]

1. d4 d5 2. Nf3 e6 3. Bf4 Nf6 4. e3 Bd6 5. Bg3 b6 6. Nbd2 O-O 7. Bd3 Ba6 8.
Bxa6 Nxa6 9. c3 c5 10. Ne5 Qc7 11. f4 c4 12. O-O Nb8 13. Qf3 Nbd7 14. e4 b5 15.
Rad1 dxe4 16. Nxe4 Nxe4 17. Qxe4 Nf6 18. Qf3 Bxe5 19. dxe5 Nd5 20. f5 Qc5+ 21.
Bf2 Qc7 22. Bd4 Rfc8 23. f6 g6 24. g4 Qd8 25. Qh3 Qf8 26. Qh4 Kh8 27. Rf3 Qg8
28. g5 a5 29. Qg4 h5 30. gxh6 Kh7 31. Qg5 b4 32. h4 Qf8 33. h5 Qxh6 34. Qxh6+
Kxh6 35. hxg6 Kxg6 36. Rd2 Kh5 37. Rg2 Nf4 38. Rxf4 Rg8 39. Rf3 Rxg2+ 40. Kxg2
Rg8+ 41. Rg3 Rb8 42. cxb4 axb4 43. Kf3 Rc8 44. Ke2 Rc7 45. Bb6 Rb7 46. Bc5 Rb5
47. Bd6 Rd5 48. Rg7 c3 49. bxc3 bxc3 50. Rxf7 Rd2+ 51. Ke3 Rxa2 52. Kd3 c2 53.
Rc7 Ra7 54. Rxc2 Kg5 55. Rg2+ Kh6 56. Bf8+ Kh5 57. Rg7 Ra5 58. Be7 Kh6 59. Rg1
Ra7 60. f7 Kh5 61. f8=Q Rd7+ 62. Ke4 Rd4+ 63. Kxd4 1/2-1/2

[Event "CAN-ch w"]
[Site "Kingston CAN"]
[Date "2022.04.14"]
[Round "3.21"]
[White "Ouellet, Maili-Jade"]
[Black "Guo, Veronica (Yu Han)"]
[Result "1-0"]
[WhiteElo "2179"]
[BlackElo "1444"]
[PlyCount "97"]
[EventDate "2022.04.13"]
[EventType "swiss"]
[EventRounds "9"]
[EventCountry "CAN"]

1. d4 d5 2. c4 e6 3. Nc3 Be7 4. Nf3 Nf6 5. Bg5 h6 6. Bh4 O-O 7. e3 b6 8. cxd5
Nxd5 9. Bg3 Bb7 10. Bd3 c5 11. O-O Nc6 12. Rc1 Rc8 13. Bb1 Bf6 14. Ne4 cxd4 15.
Nd6 Ba6 16. Nxc8 Bxf1 17. Rxc6 Bb5 18. Rc1 dxe3 19. Nxa7 Qd7 20. Nxb5 Qxb5 21.
fxe3 Qxb2 22. Qd2 Qxd2 23. Nxd2 Nxe3 24. Bf2 Nd5 25. Bd3 Bg5 26. Be1 Rd8 27.
Bb1 g6 28. h4 Be3+ 29. Kf1 h5 30. Ke2 Bh6 31. g3 b5 32. Be4 Kg7 33. Bxd5 Rxd5
34. Rb1 Re5+ 35. Kf1 Rf5+ 36. Kg2 Re5 37. Kf1 Rf5+ 38. Ke2 Re5+ 39. Kd1 Rd5 40.
Rb3 f5 41. Kc2 Kf7 42. Nf3 e5 43. Bc3 Bg7 44. Ng5+ Kg8 45. a4 bxa4 46. Rb8+ Bf8
47. Bb4 e4 48. Bxf8 e3 49. Bh6+ 1-0

[Event "CAN-ch w"]
[Site "Kingston CAN"]
[Date "2022.04.14"]
[Round "3.22"]
[White "Botez, Alexandra"]
[Black "Demchenko, Svitlana"]
[Result "1/2-1/2"]
[WhiteElo "2020"]
[BlackElo "2079"]
[PlyCount "132"]
[EventDate "2022.04.13"]
[EventType "swiss"]
[EventRounds "9"]
[EventCountry "CAN"]

1. d4 f5 2. c4 Nf6 3. Nc3 d6 4. Nf3 g6 5. h3 Bg7 6. Bf4 O-O 7. Qb3 e6 8. e3 Qe7
9. O-O-O Nc6 10. Bg5 h6 11. Bxf6 Qxf6 12. Be2 e5 13. d5 Nd8 14. Kb1 Nf7 15. e4
a6 16. Nd2 Rb8 17. f3 Bd7 18. h4 h5 19. a4 Kh8 20. Qc2 Bh6 21. Nf1 Rg8 22. Bd3
f4 23. Nd2 g5 24. hxg5 Rxg5 25. Rdg1 Rbg8 26. Bf1 Bf8 27. Rh2 Kh7 28. Rgh1 Kh6
29. Nd1 Be7 30. Nf2 Qg6 31. Qd1 Kg7 32. Qb3 Bc8 33. Qc3 Kh6 34. Nd3 Bd7 35. b3
b6 36. Ne1 a5 37. Bd3 Nd8 38. Nf1 Nb7 39. Qd2 Kg7 40. Ka2 Nc5 41. Be2 Kf7 42.
Qc2 Bf6 43. Nd2 Rh8 44. Nb1 Rg3 45. Nc3 h4 46. Bf1 Qh5 47. Ne2 Rgg8 48. Ng1 Qh7
49. Nd3 Nb7 50. Qf2 Qg6 51. Nh3 Ke7 52. Qc2 Qe8 53. Ka3 Rg3 54. Nc1 Rhg8 55.
Ne2 R3g7 56. Qb2 Nc5 57. Nc3 Rg3 58. Nb5 Qc8 59. Qf2 Be8 60. Ng1 Bd7 61. Nh3
Be8 62. Ng1 Kd8 63. Qb2 Ke7 64. Qd2 Bd7 65. Ne2 R3g7 66. Ng1 Rg3 1/2-1/2

[Event "CAN-ch w"]
[Site "Kingston CAN"]
[Date "2022.04.14"]
[Round "3.23"]
[White "Hua, Michelle"]
[Black "Baylon, Glenda"]
[Result "1-0"]
[WhiteElo "1665"]
[BlackElo "1858"]
[PlyCount "70"]
[EventDate "2022.04.13"]
[EventType "swiss"]
[EventRounds "9"]
[EventCountry "CAN"]

1. d4 Nf6 2. Bf4 d6 3. Nc3 Bf5 4. f3 Nc6 5. e4 Bg6 6. Bb5 a6 7. Ba4 Nd7 8. Nge2
e6 9. Qd2 Be7 10. O-O-O O-O 11. g4 b5 12. Bb3 b4 13. Na4 e5 14. Be3 exd4 15.
Nxd4 Nxd4 16. Qxd4 c5 17. Qd2 Ne5 18. Qe2 Qc7 19. Bd5 Nc6 20. f4 h6 21. f5 Bh7
22. h4 Rfb8 23. g5 Kf8 24. gxh6 gxh6 25. Bxh6+ Ke8 26. Qh5 Bf6 27. Bg5 Bxg5+
28. hxg5 Bg8 29. g6 fxg6 30. Qxg6+ Kd7 31. Qg7+ Ne7 32. Bxa8 Rxa8 33. f6 Re8
34. fxe7 Be6 35. Qg5 Kc6 1-0